Basic notions of algebra
Spremljeno u:
| Glavni autor: | |
|---|---|
| Format: | Knjiga |
| Jezik: | engleski |
| Izdano: |
Berlín
Springer
1997
|
| Teme: | |
| Oznake: |
Dodaj oznaku
Bez oznaka, Budi prvi tko označuje ovaj zapis!
|
MARC
| LEADER | 00000nam a2200000 a 4500 | ||
|---|---|---|---|
| 001 | UCQ3344 | ||
| 003 | CL-VaPUC | ||
| 008 | 980821e19970000GW |||||||||||||||||eng|d | ||
| 082 | 0 | 4 | |a 512 |b SHA |2 21 |
| 100 | 0 | |a Shafarevich, I. R |e author |9 417392 | |
| 245 | 1 | 0 | |a Basic notions of algebra |
| 300 | |a 258 p | ||
| 942 | |c BK | ||
| 945 | |d 19980821 00:00:00 |a aarredon | ||
| 260 | |a Berlín |b Springer |c 1997 | ||
| 650 | 0 | |a Matemática |9 260235 | |
| 650 | 0 | |a Álgebra |9 259567 | |
| 650 | 0 | |a Teoría de grupos |9 270028 | |
| 650 | 0 | |a Grupos finitos |9 270201 | |
| 583 | |a last modification |c 19980821 00:00:00 |k Rodrigo Vera | ||
| 999 | |c 273932 |d 273930 | ||
| 952 | |0 0 |1 0 |4 0 |6 512_000000000000000_SHA_1997 |7 0 |8 A |9 309921 |a BIBMAT |b BIBMAT |d 2019-11-20 |i 3452875 |o 512 SHA 1997 |p 3452875 |r 2025-01-07 |w 2019-11-20 |y BK |k MAT | ||